000
00311nam a22001457a 4500
008
210531b ||||| |||| 00| 0 eng d
020
_a
9780321704467
041
_a
eng
080
_a
004
082
_a
004
100
_a
28
101
_a
SHKI
245
_a
Flash Professional CS5
_c
Ulrich,K
942
_2
udc
_c
BK
999
_c
57826
_d
57826